Robotická optimalizácia

Uložené v:
Podrobná bibliografia
Hlavný autor: Fedorová, Kristína (Autor)
Ďalší autori: Kvasnica, Michal (Vedúci práce)
Médium: Rukopis Kniha
Jazyk:Slovak
Vydavateľské údaje: 2018
Predmet:
On-line prístup:http://is.stuba.sk/zp/portal_zp.pl?podrobnosti=139427
Tagy: Pridať tag
Žiadne tagy, Buďte prvý, kto otaguje tento záznam!

MARC

LEADER 00000ntm a22000003a 4500
001 stuzp69855
003 SK-STU
005 20180623211118.4
007 ta
008 150427s2015----xo-----f-mn---000-0-slo-d
040 |a STU  |b slo 
041 0 |a slo 
100 1 |a Fedorová, Kristína  |u 047000  |4 aut  |U FCHPT Fakulta chemickej a potravinárskej technológie  |T FCHPT Ústav informatizácie, automatizácie a matematiky  |X 82048  |U C7000  |Y 105  |7 82048 
242 0 1 |a Robotic Optimization  |y eng 
245 1 0 |a Robotická optimalizácia 
260 |c 2018 
650 4 |a robotická optimalizácia  |2 slo 
650 4 |a Luus-Jaakola  |2 slo 
650 4 |a Simulované žíhanie  |2 slo 
650 4 |a Nelder-Mead  |2 slo 
650 4 |a odhad gradientu  |2 slo 
650 4 |a ohraničená optimalizácia  |2 slo 
650 4 |a logaritmická bariéra  |2 slo 
650 4 |a robotic optimization  |2 eng 
650 4 |a Luus-Jaakola  |2 eng 
650 4 |a Simulated annealing  |2 eng 
650 4 |a Nelder-Mead  |2 eng 
650 4 |a gradient estimation  |2 eng 
650 4 |a constrained optimization  |2 eng 
650 4 |a logarithmic barrier  |2 eng 
700 1 |a Kvasnica, Michal  |u 047220  |k Z1  |4 ths  |U FCHPT Ústav informatizácie, automatizácie a matematiky  |T FCHPT Oddelenie informatizácie a riadenia procesov  |X 38267  |U C7220  |Y 121  |7 A000038267 
856 4 |u http://is.stuba.sk/zp/portal_zp.pl?podrobnosti=139427